000 00979cas a22002657a 4500
005 20231010062643.0
008 990419u1984 mx au p rnn 0 0b1spa d
010 _a77537
011 _a78509
022 0 _a0187-2540
035 _a88484
245 0 0 _aAnales de Investigación de la Facultad de Ciencias Agrícolas de la Universidad Autónoma de Chihuahua
_c/por Universidad Autónoma de Chihuahua. Facultad de Ciencias Agrícolas
260 0 _aChihuahua, Chih. :
_bUniversidad Autónoma de Chihuahua. Facultad de Ciencias Agrícolas,
_c1984-
300 _av.
310 _aAnual
362 1 _av.1 n.2, 1985
590 _aBATCH-UPD
_b10
_c20130110
_lUCH01
_h0213
590 _aBATCH-UPD
_b10
_c20130409
_lUCH01
_h2230
590 _aBATCH-UPD
_b10
_c20130913
_lUCH01
_h2114
590 _aCONVERSION
_b10
_c20130109
_lUCH01
_h1343
650 1 7 _aAgricultura
_xPublicaciones periódicas
_2
_91772
866 _av.1 n.1-2 (1984-1985)
901 _aSE
905 _aLilia Sánchez G.
999 _c77537
_d77537